NLSUI OPAC header image

Confessions of an economic hit man (Record no. 25890)

MARC details
000 -LEADER
fixed length control field 00391nam a2200157Ia 4500
008 - FIXED-LENGTH DATA ELEMENTS--GENERAL INFORMATION
fixed length control field 160316s2006 xxu||||| |||| 00| 0 eng d
082 ## - DEWEY DECIMAL CLASSIFICATION NUMBER
Classification number 332.042000
Item number PER
100 ## - MAIN ENTRY--PERSONAL NAME
Personal name Perkins John
245 ## - TITLE STATEMENT
Title Confessions of an economic hit man
250 ## - EDITION STATEMENT
Edition statement
260 ## - PUBLICATION, DISTRIBUTION, ETC.
Place of publication, distribution, etc. London
Name of publisher, distributor, etc. Ebury Press
Date of publication, distribution, etc. 2006
300 ## - PHYSICAL DESCRIPTION
Extent 250p
Other physical details
Dimensions xvi
365 ## - TRADE PRICE
Price amount Rs. 407
650 ## - SUBJECT ADDED ENTRY--TOPICAL TERM
Topical term or geographic name entry element 1. Economists - U S A
700 ## - ADDED ENTRY--PERSONAL NAME
Personal name
--
Holdings
Withdrawn status Lost status Damaged status Not for loan Home library Current library Shelving location Date acquired Cost, normal purchase price Total Checkouts Total Renewals Full call number Barcode Date last seen Date last checked out Price effective from Koha item type
        . .   30.05.2017 407.00 2 2 332.042 PER 23403 06.03.2025 23.01.2025 30.05.2017 BOOKs